Communes du Haut-Rhin - Statistiques

Statistiques générales
  • Ce quiz a été pris 229 fois
  • Le résultat moyen est 80 sur 386
Réponses sur la Carte
Les réponses sont colorées sur une échelle allant du rouge au vert en fonction du pourcentage des utilisateurs qui les ont devinées à leur premier essai. Vous pouvez retrouver ces pourcentages ci-dessous.
 
Statistiques - réponses
Code commune Réponse % Correct
68066 Colmar
91%
68224 Mulhouse
90%
68297 Saint-Louis
72%
68334 Thann
66%
68004 Altkirch
65%
68063 Cernay
62%
68112 Guebwiller
61%
68376 Wittenheim
53%
68226 Munster
51%
68269 Ribeauvillé
50%
68315 Soultz
50%
68278 Rixheim
47%
68166 Kingersheim
46%
68231 Neuf-Brisach
46%
68287 Rouffach
46%
68091 Fessenheim
45%
68162 Kaysersberg
43%
68375 Wittelsheim
43%
68021 Bartenheim
42%
68078 Eguisheim
42%
68082 Ensisheim
41%
68154 Illzach
41%
68173 Labaroche
41%
68194 Lutter
41%
68056 Brunstatt
40%
68163 Kembs
40%
68171 Kruth
40%
68271 Riedisheim
39%
68043 Bollwiller
38%
68118 Habsheim
38%
68149 Huningue
38%
68253 Ottmarsheim
38%
68256 Pfastatt
38%
68277 Riquewihr
38%
68338 Turckheim
38%
68068 Dannemarie
37%
68309 Sierentz
37%
68042 Blotzheim
36%
68195 Lutterbach
36%
68300 Sausheim
36%
68348 Vieux-Thann
36%
68010 Aspach
35%
68090 Ferrette
35%
68201 Masevaux
35%
68249 Orbey
35%
68374 Wintzenheim
35%
68022 Battenheim
34%
68060 Burnhaupt-le-Haut
34%
68070 Didenheim
34%
68135 Hésingue
34%
68216 Moos
34%
68384 Zillisheim
34%
68059 Burnhaupt-le-Bas
33%
68146 Houssen
33%
68247 Oderen
33%
68298 Sainte-Marie-aux-Mines
33%
68062 Carspach
32%
68005 Ammerschwihr
31%
68238 Niffer
31%
68359 Wattwiller
31%
68058 Buhl
30%
68064 Chalampé
30%
68205 Meyenheim
30%
68218 Morschwiller-le-Bas
30%
68250 Orschwir
30%
68295 Sainte-Croix-en-Plaine
30%
68371 Willer
30%
68175 Lapoutroie
29%
68254 Petit-Landau
29%
68126 Hégenheim
28%
68179 Lauw
28%
68286 Rosenau
28%
68318 Soultzmatt
28%
68342 Uffholtz
28%
68138 Hirsingue
27%
68152 Illfurth
27%
68174 Landser
27%
68206 Michelbach
27%
68349 Village-Neuf
27%
68011 Aspach-le-Bas
26%
68012 Aspach-le-Haut
26%
68028 Bergheim
26%
68089 Fellering
26%
68145 Horbourg
26%
68155 Ingersheim
26%
68156 Issenheim
26%
68182 Leymen
26%
68235 Niederhergheim
26%
68258 Pulversheim
26%
68262 Ranspach
26%
68279 Roderen
26%
68292 Saint-Amarin
26%
68347 Vieux-Ferrette
26%
68365 Wettolsheim
26%
68020 Bantzenheim
25%
68120 Hagenthal-le-Bas
25%
68121 Hagenthal-le-Haut
25%
68150 Husseren-les-Châteaux
25%
68158 Jettingen
25%
68188 Linthal
25%
68203 Merxheim
25%
68217 Moosch
25%
68242 Oberhergheim
25%
68255 Pfaffenheim
25%
68007 Andolsheim
24%
68097 Fréland
24%
68115 Guewenheim
24%
68341 Uffheim
24%
68343 Ungersheim
24%
68015 Baldersheim
23%
68026 Bennwihr
23%
68041 Blodelsheim
23%
68113 Guémar
23%
68144 Hombourg
23%
68157 Jebsheim
23%
68165 Kiffis
23%
68307 Sewen
23%
68023 Beblenheim
22%
68032 Berrwiller
22%
68084 Eschentzwiller
22%
68111 Gueberschwihr
22%
68160 Kappelen
22%
68197 Magstatt-le-Bas
22%
68198 Magstatt-le-Haut
22%
68225 Munchhouse
22%
68245 Obermorschwiller
22%
68248 Oltingue
22%
68257 Pfetterhouse
22%
68267 Reiningue
22%
68270 Richwiller
22%
68296 Saint-Hippolyte
22%
68304 Sentheim
22%
68321 Staffelfelden
22%
68324 Steinbrunn-le-Haut
22%
68333 Tagsdorf
22%
68386 Zimmersheim
22%
68002 Altenach
21%
68016 Balgau
21%
68040 Bitschwiller
21%
68055 Bruebach
21%
68094 Folgensbourg
21%
68122 Hartmannswiller
21%
68132 Helfrantzkirch
21%
68134 Herrlisheim-près-Colmar
21%
68147 Hunawihr
21%
68159 Jungholtz
21%
68170 Kœtzingue
21%
68190 Lucelle
21%
68263 Ranspach-le-Bas
21%
68301 Schlierbach
21%
68323 Steinbrunn-le-Bas
21%
68356 Walheim
21%
68013 Attenschwiller
20%
68088 Feldkirch
20%
68093 Flaxlanden
20%
68252 Ostheim
20%
68260 Raedersheim
20%
68264 Ranspach-le-Haut
20%
68305 Seppois-le-Bas
20%
68306 Seppois-le-Haut
20%
68332 Tagolsheim
20%
68368 Wihr-au-Val
20%
68029 Bergholtz
19%
68031 Bernwiller
19%
68101 Galfingue
19%
68139 Hirtzbach
19%
68044 Le Bonhomme
19%
68319 Spechbach-le-Bas
19%
68320 Spechbach-le-Haut
19%
68322 Steinbach
19%
68336 Traubach-le-Bas
19%
68337 Traubach-le-Haut
19%
68355 Waldighofen
19%
68036 Biesheim
18%
68049 Bouxwiller
18%
68054 Brinckheim
18%
68061 Buschwiller
18%
68072 Dietwiller
18%
68103 Geispitzen
18%
68129 Heimsbrunn
18%
68141 Hochstatt
18%
68164 Kientzheim
18%
68176 Largitzen
18%
68185 Lièpvre
18%
68207 Michelbach-le-Bas
18%
68208 Michelbach-le-Haut
18%
68209 Mittelwihr
18%
68215 Montreux-Vieux
18%
68222 Muespach-le-Haut
18%
68274 Rimbach-près-Guebwiller
18%
68275 Rimbach-près-Masevaux
18%
68313 Soppe-le-Bas
18%
68314 Soppe-le-Haut
18%
68329 Stosswihr
18%
68364 Westhalten
18%
68372 Willer-sur-Thur
18%
68377 Wittersdorf
18%
68382 Zaessingue
18%
68014 Aubure
17%
68077 Eglingen
17%
68092 Fislis
17%
68096 Franken
17%
68098 Friesen
17%
68106 Goldbach
17%
68116 Gundolsheim
17%
68177 Lautenbach
17%
68204 Metzeral
17%
68212 Mœrnach
17%
68232 Neuwiller
17%
68234 Niederentzen
17%
68265 Rantzwiller
17%
68291 Rumersheim-le-Haut
17%
68310 Sigolsheim
17%
68331 Sundhoffen
17%
68335 Thannenkirch
17%
68383 Zellenberg
17%
68385 Zimmerbach
17%
68018 Balschwiller
16%
68048 Bourtzwiller
16%
68067 Courtavon
16%
68123 Hattstatt
16%
68127 Heidwiller
16%
68128 Heimersdorf
16%
68172 Kunheim
16%
68221 Muespach-le-Bas
16%
68237 Niedermorschwihr
16%
68266 Réguisheim
16%
68289 Ruelisheim
16%
68294 Sainte-Croix-aux-Mines
16%
68302 Schweighouse
16%
68303 Schwoben
16%
68311 Sondernach
16%
68317 Soultzeren
16%
68325 Steinsoultz
16%
68352 Volgelsheim
16%
68353 Wahlbach
16%
68357 Waltenheim
16%
68362 Wentzwiller
16%
68017 Ballersdorf
15%
68069 Dessenheim
15%
68074 Durlinsdorf
15%
68075 Durmenach
15%
68099 Frœningen
15%
68107 Gommersdorf
15%
68140 Hirtzfelden
15%
68153 Illhaeusern
15%
68161 Katzenthal
15%
68184 Liebsdorf
15%
68186 Ligsdorf
15%
68200 Manspach
15%
68210 Mittlach
15%
68214 Montreux-Jeune
15%
68241 Oberentzen
15%
68251 Osenbach
15%
68273 Riespach
15%
68327 Stetten
15%
68344 Urbès
15%
68354 Walbach
15%
68363 Werentzhouse
15%
68373 Winkel
15%
68001 Algolsheim
14%
68009 Artzenheim
14%
68027 Berentzwiller
14%
68033 Bettendorf
14%
68039 Bisel
14%
68087 Feldbach
14%
68095 Fortschwihr
14%
68119 Hagenbach
14%
68130 Heiteren
14%
68168 Knœringue
14%
68169 Kœstlach
14%
68187 Linsdorf
14%
68213 Mollau
14%
68228 Munwiller
14%
68233 Niederbruck
14%
68268 Retzwiller
14%
68285 Rorschwihr
14%
68290 Rustenhart
14%
68299 Saint-Ulrich
14%
68350 Vœgtlinshoffen
14%
68351 Vogelgrun
14%
68370 Wildenstein
14%
68006 Ammertzwiller
13%
68008 Appenwihr
13%
68025 Bendorf
13%
68071 Diefmatten
13%
68196 Magny
13%
68280 Rodern
13%
68281 Roggenhouse
13%
68283 Rombach-le-Franc
13%
68316 Soultzbach-les-Bains
13%
68381 Wuenheim
13%
68052 Bretten
12%
68086 Falkwiller
12%
68102 Geishouse
12%
68104 Geiswasser
12%
68117 Gunsbach
12%
68131 Heiwiller
12%
68148 Hundsbach
12%
68181 Levoncourt
12%
68191 Luemschwiller
12%
68193 Luttenbach-près-Munster
12%
68211 Mitzach
12%
68223 Muhlbach-sur-Munster
12%
68243 Oberlarg
12%
68244 Obermorschwihr
12%
68284 Roppentzwiller
12%
68330 Strueth
12%
68340 Uberstrass
12%
68358 Wasserbourg
12%
68379 Wolfgantzen
12%
68380 Wolschwiller
12%
68003 Altenbach
11%
68030 Bergholtz-Zell
11%
68045 Bourbach-le-Bas
11%
68046 Bourbach-le-Haut
11%
68047 Bourgfelden
11%
68050 Bréchaumont
11%
68065 Chavannes-sur-l'Étang
11%
68080 Emlingen
11%
68085 Eteimbes
11%
68110 Grussenheim
11%
68125 Hecken
11%
68151 Husseren-Wesserling
11%
68189 Logelheim
11%
68227 Muntzenheim
11%
68229 Murbach
11%
68239 Oberbruck
11%
68240 Oberdorf
11%
68259 Raedersdorf
11%
68312 Sondersdorf
11%
68346 Valdieu
11%
68366 Wickerschwihr
11%
68034 Bettlach
10%
68035 Biederthal
10%
68037 Biltzheim
10%
68073 Dolleren
10%
68133 Henflingen
10%
68167 Kirchberg
10%
68178 Lautenbachzell
10%
68180 Leimbach
10%
68183 Liebenswiller
10%
68199 Malmerspach
10%
68202 Mertzen
10%
68246 Obersaasheim
10%
68261 Rammersmatt
10%
68276 Rimbachzell
10%
68288 Ruederbach
10%
68293 Saint-Cosme
10%
68328 Storckensohn
10%
68360 Weckolsheim
10%
68361 Wegscheid
10%
68367 Widensohlen
10%
68038 Bischwihr
9%
68230 Nambsheim
9%
68236 Niederlarg
9%
68345 Urschenheim
9%
68051 Breitenbach-Haut-Rhin
8%
68100 Fulleren
8%
68105 Gildwiller
8%
68108 Grentzingen
8%
68109 Griesbach-au-Val
8%
68137 Hindlingen
8%
68142 Hohrod
8%
68192 Lutran
8%
68282 Romagny
8%
68308 Sickert
8%
68076 Durrenentzen
7%
68083 Eschbach-au-Val
7%
68114 Guevenatten
7%
68124 Hausgauen
7%
68143 Holtzwihr
7%
68326 Sternenberg
7%
68024 Bellemagny
6%
68079 Elbach
6%
68136 Hettenschlag
6%
68219 Mortzwiller
6%
68220 Moyen-Muespach
6%
68369 Wihr-en-Plaine
6%
68378 Wolfersdorf
6%
68019 Baltzenheim
5%
68057 Buethwiller
5%
68272 Riedwihr
5%
68053 Brinighoffen
3%
68339 Uberkumen
3%
68081 Enschingen
2%
Aucun quiz correspondant
Distribution des résultats
% des personnes avec chaque résultat
Percentile par nombre de réponses
Votre historique - résultats
Vous n’avez pas pris ce quiz